Welches Land in Europa? - #1 - Statistiken

Allgemein
  • Dieses Quiz wurde 83 mal gespielt
  • Das Durchschnittsergebnis liegt bei 10 aus 15
Antwortstatistiken
Frage Antwort % Korrekt
Welches Land liegt sowohl in Europa als auch in Asien Türkei
97%
Welches Land ist flächenmäßig das kleinste in Europa? Vatikanstadt
96%
Welches Land die meisten aktiven Vulkane in Europa? Island
92%
Welches Land wird oft als „Wiege der Demokratie“ bezeichnet? Griechenland
83%
Welches Land hat die meisten Nachbarländer in Europa? Deutschland
82%
Welches Land hat keinen direkten Zugang zum Mittelmeer? Serbien
81%
Welches Land, das vollständig in Europa liegt, ist das flächenmäßig größte Land? Ukraine
71%
Welches Land hat die längste Küstenlinie Europas? Norwegen
70%
Welches Land benutzt den Euro, ist aber kein EU-Mitglied? Montenegro
58%
Welches Land hat keine offizielle Hauptstadt? Schweiz
56%
Welches Land war zuletzt der EU beigetreten? Kroatien
52%
Welches Land hat die meisten UNESCO-Welterbestätten in Europa? Italien
44%
Welches Land war im Zweiten Weltkrieg offiziell neutral? Schweden
36%
Welches Land führte als erstes in Europa das Frauenwahlrecht ein? Finnland
32%
Welches Land hatte im Mittelalter das größte europäische Reich? Spanien
6%
Keine übereinstimmenden Quizze gefunden
Verteilung der Resultate
Anzahl Personen mit jedem Resultat
Perzentil nach korrekt beantworteten Fragen
Ihre Resultats-Entwicklung
Sie haben dieses Quiz noch nicht gespielt